Waste strategy for England 2007 (Record no. 107093)

MARC details
000 -LEADER
fixed length control field 01549cad a22002895a 4500
001 - CONTROL NUMBER
control field L138263
008 - FIXED-LENGTH DATA ELEMENTS--GENERAL INFORMATION
fixed length control field 070525e20070524xxkd f lsu f000 0 eng d
035 ## - SYSTEM CONTROL NUMBER
System control number (Sirsi) u138263
041 0# - LANGUAGE CODE
Language code of text/sound track or separate title eng
050 04 - LIBRARY OF CONGRESS CALL NUMBER
Classification number 614.76 $2 18
110 1# - MAIN ENTRY--CORPORATE NAME
Corporate name or jurisdiction name as entry element United Kingdom
Subordinate unit Department for Environment, Food and Rural Affairs
245 00 - TITLE STATEMENT
Title Waste strategy for England 2007
Medium [electronic resource]
260 ## - PUBLICATION, DISTRIBUTION, ETC.
Place of publication, distribution, etc. London
Name of publisher, distributor, etc. DEFRA
Date of publication, distribution, etc. 2007
520 ## - SUMMARY, ETC.
Summary, etc. Describes the UK Government?s policies on waste management. Describes the need for recycling and reuse, waste prevention and management. Details progress which has been made towards these objectives. Key proposals are incentives, regulation, infrastructure investment and local governance. Focus on particular materials, products and sectors is advocated. The need for overall culture change is underlined. The report contains a number of annexes, which address specific aspects and sectors of waste management policy.
590 ## - LOCAL NOTE (RLIN)
Local note KA NTK
650 24 - SUBJECT ADDED ENTRY--TOPICAL TERM
Topical term or geographic name entry element PLANNING POLICY STATEMENT 10
650 24 - SUBJECT ADDED ENTRY--TOPICAL TERM
Topical term or geographic name entry element ENVIRONMENTAL PROTECTION ACT 1990 S44(A)
650 24 - SUBJECT ADDED ENTRY--TOPICAL TERM
Topical term or geographic name entry element WASTE MANAGEMENT LICENCING REGULATIONS
650 24 - SUBJECT ADDED ENTRY--TOPICAL TERM
Topical term or geographic name entry element COUNCIL DIRECTIVE 91/689/EEC
650 24 - SUBJECT ADDED ENTRY--TOPICAL TERM
Topical term or geographic name entry element COUNCIL DIRECTIVE 94/62/EEC
650 24 - SUBJECT ADDED ENTRY--TOPICAL TERM
Topical term or geographic name entry element DIRECTIVE 1993/31/EC
650 24 - SUBJECT ADDED ENTRY--TOPICAL TERM
Topical term or geographic name entry element SI 1994:1056
651 #4 - SUBJECT ADDED ENTRY--GEOGRAPHIC NAME
Geographic name England
Chronological subdivision 886-
690 ## - LOCAL SUBJECT ADDED ENTRY--TOPICAL TERM (OCLC, RLIN)
Topical term or geographic name as entry element ENVIRONMENTAL AND LAND CONSULTANCY-WASTE MANAGEMENT
856 40 - ELECTRONIC LOCATION AND ACCESS
Uniform Resource Identifier <a href="https://www.defra.gov.uk/environment/waste/strategy/strategy07/index.htm">https://www.defra.gov.uk/environment/waste/strategy/strategy07/index.htm</a>
Public note http://www.defra.gov.uk/environment/waste/strategy/strategy07/index.htm
942 ## - ADDED ENTRY ELEMENTS (KOHA)
Suppress in OPAC 0
Holdings
Withdrawn status Lost status Source of classification or shelving scheme Damaged status Not for loan Home library Current library Shelving location Date acquired Total Checkouts Full call number Barcode Date last seen Copy number Price effective from Koha item type
    Dewey Decimal Classification     Virtual Virtual Online 25/05/2007   ONLINE PUBLICATION 138263-1001 06/08/2019 1 06/08/2019 Book